| 000 | 00489nam a2200157 a 4500 | ||
|---|---|---|---|
| 005 | 20140310183337.0 | ||
| 008 | 061011s19uu xx 00 eng d | ||
| 020 | _a9812592776 | ||
| 050 |
_aRT 41 _b.El39 2004 |
||
| 100 | _aCastaldi, Patricia A. | ||
| 245 |
_aSkills performance checklists to accompany _cElkin, Perry, and Potter's. |
||
| 260 |
_aSingapore : _bElsevier PTE, LTD, _c2004. |
||
| 300 |
_a472 p. : _bill. ; _c26 cm. |
||
| 650 | _aNursing intervention. | ||
| 942 |
_cBK _2lcc _kFOR |
||
| 999 |
_c21704 _d21704 |
||